Statistics for "T" Countries By Continent

Click here to take the quiz!

General Stats

  • This quiz has been taken 29 times
  • The average score is 11 of 11

Answer Stats

QuestionAnswer% Correct
TunisiaAfrica
100%
TanzaniaAfrica
100%
Taiwan (Republic of China)Asia
100%
TajikistanAsia
100%
ThailandAsia
100%
TuvaluOceania
100%
TogoAfrica
96%
Timor Leste / East TimorAsia
96%
TurkmenistanAsia
96%
Trinidad and TobagoNorth America
96%
TongaOceania
92%

Score Distribution

Percentile by Number Answered

Percent of People with Each Score

Your Score History

You have not taken this quiz